The doctrine of universal salvation examined and refuted : Containing, a concise and distinct answer to the writings of Mr. Relly, and Mr. Winchester, upon that subject. /

Bibliographic Details
Main Author: Backus, Isaac, 1724-1806
Format: eBook
Language:English
Series:Early American imprints. Evans (1639-1800) ; no. 17464.
Subjects:
Online Access:Evans Digital Edition

MARC

Tag First Indicator Second Indicator Subfields
LEADER 00000cam a2200000 a 4500
001 in00002131221
006 m e d #
007 cr mn mmmmabba
008 830209s1782 riu s 000 0 eng d
005 20260331144919.2
035 |z w038214 
035 |a MAAR8302091851B 
035 |9 mwa91-8984 
035 |a 314201 
035 |a aas03038214 
040 |a MWA  |c MWA  |e bdrb  |d UtOrBLW 
100 1 |a Backus, Isaac,  |d 1724-1806. 
245 1 4 |a The doctrine of universal salvation examined and refuted :  |b Containing, a concise and distinct answer to the writings of Mr. Relly, and Mr. Winchester, upon that subject. /  |c By Isaac Backus, Preacher of the Gospel. ; [Three lines from Jude]. 
264 3 |a Providence :  |b Printed and sold by John Carter. Also sold by Philip Freeman, in Union-Street, Boston,  |c [1782] 
300 |a 40 pages ;  |c 19 cm. (quarto) 
336 |a text  |b txt  |2 rdacontent 
337 |a computer  |b c  |2 rdamedia 
338 |a online resource  |b cr  |2 rdacarrier 
500 |a Running title: The doctrine of universal salvation refuted. 
500 |a Advertised as "just published" in the Providence gazette, June 15, 1782. 
500 |a Booksellers' advertisement, page [2]. 
510 4 |a Evans  |c 17464 
510 4 |a Alden, J.E. Rhode Island,  |c 902 
530 |a Microform version available in the Readex Early American Imprints series. 
533 |a Electronic text and image data.  |b [Chester, Vt. :  |c Readex, a division of Newsbank, Inc.,  |d 2002-2004.  |e Includes files in TIFF, GIF and PDF formats with inclusion of keyword searchable text.  |f (Early American imprints. First series ; no. 17464). 
500 |a Electronic resource. 
600 1 0 |a Relly, James,  |d 1722?-1778. 
600 1 0 |a Winchester, Elhanan,  |d 1751-1797. 
650 0 |a Salvation. 
650 0 |a Universalism. 
655 7 |a Booksellers' advertisements  |z Rhode Island  |z Providence.  |2 rbgenr 
655 7 |a Booksellers' advertisements  |z Massachusetts  |z Boston.  |2 rbgenr 
752 |a United States  |b Rhode Island  |d Providence. 
752 |a United States  |b Massachusetts  |d Boston. 
830 0 |a Early American imprints.  |n Series I,  |p Evans (1639-1800) ;  |v no. 17464. 
856 4 1 |u http://proxy.library.tamu.edu/login?url=https://opac.newsbank.com/select/evans/17464  |y Evans Digital Edition  |t 0 
999 |a MARS 
999 f f |s ed146f89-f6d2-3f08-8a70-edf18681c22e  |i 6db9a39e-94ba-34ed-87eb-894586f07756  |t 0 
952 f f |a Texas A&M University  |b College Station  |c Electronic Resources  |s www_evans  |d Available Online  |t 0  |h No information provided 
998 f f |t 0  |l Available Online